000 01144nas a2200337 4500
001 BR9802285
003 BR-BrBNA
005 20231205101017.0
007 ta
008 230509b bl.|||p| |||| 00| 00por d
040 _aBR-BrBNA
_bpor
_cBiblioteca Nacional de Agricultura
041 _a(Pt)
072 _aQ04
100 1 _aCarvalho, J.C.A. do P.
100 1 _aFranco, R.M.
100 1 _aOliveira, L.A.T. de
100 1 _aGoncalves, P.M.R.
245 1 _aBacterias produtoras de aminas biogenicas frente a indicadores de qualidade higienico-sanitaria em camarao descascado comercializado nos municipios de Niteroi e Sao Goncalo, Estado do Rio de Janeiro, Brasil
650 _aCamarao
650 _aAmina
650 _aBacteria
650 _aInspecao Sanitaria
650 _aHigiene de Alimento
650 _aMicrorganismo
650 _aControle de Qualidade
650 _aAnalise de Alimento
650 _aRio de Janeiro
773 0 _tRevista Brasileira de Ciencia Veterinaria (Brazil)
_xISSN 1413-0130
_g(May-Aug 1997), v. 14(2) p. 67-70
_wBR9802285
909 _a202311
_bLúcia
_c55
_dLúcia Elande
942 _2AGRIS
_n0
_cANA
999 _c159280
_d159280